00498 2200181 4500001002100000008004100021035002000062245007000082100002600152260003100178300002100209020000600230082001000236650003100246990001300277990001300290990001300303INLIS000000000000905 ind  a0010-0423000905 aKUMPULAN CERITA RAKYAT NUSANTARA DONGENG-LEGENDA-FABEL-MITOS-EPOS aYUDHISTIRA IKRANEGARA aSURABAYAbKARYA ANDAc2003 a128 hlm.c22 cm. a- a398.5 aBUKU-BUKU DONGENG , BALADA a102480-3 a102480-1 a102480-2